CRM ako nástroj cenovej politiky v oblasti služieb

Problematika cenovej politiky a tvorby cien. Tri základné prístupy k cenotvorbe. CRM (riadenie vzťahu so zákazníkmi) ako nástroj cenovej politiky v podmienkach konzultačnej firmy ALFA.

Guardado en:
Detalles Bibliográficos
Autor principal: Adamkovič, Jaroslav
Formato: Capítulo de libro
Lenguaje:eslovaco
Materias:
Etiquetas: Agregar Etiqueta
Sin Etiquetas, Sea el primero en etiquetar este registro!

MARC

LEADER 00000nla a2200000 4500
001 0196054
005 20240502073313.9
041 0 |a slo 
044 |a SK 
245 1 0 |a CRM ako nástroj cenovej politiky v oblasti služieb  |c Jaroslav Adamkovič 
520 |a Problematika cenovej politiky a tvorby cien. Tri základné prístupy k cenotvorbe. CRM (riadenie vzťahu so zákazníkmi) ako nástroj cenovej politiky v podmienkach konzultačnej firmy ALFA. 
610 2 0 |a riadenie vzťahov so zákazníkmi 
610 2 0 |a zákazníci 
610 2 0 |a politika cenová 
610 2 0 |a tvorba cien 
610 2 0 |a služby 
610 2 0 |a firmy 
100 1 |a Adamkovič, Jaroslav